000 004960000a22001810004500
003 MACL
005 20160312172912.0
008 160312b xxu||||| |||| 00| 0 eng d
040 _aMACL
_cMACL
041 _aHindi
082 _a910.5452
100 _aकृष्‍णनाथ
_942590
245 _aकिन्‍नर धर्मलोक
260 _bसातवाहन
_c1983
_aदिल्‍ली
350 _a55
650 _aGeography
_945627
942 _cHIN
_k910.5452
_2ddc
999 _c39565
_d39565